Planning Regions (NUTS 2) of Bulgaria with a Map - Statistics

General Stats
  • This quiz has been taken 72 times
  • The average score is 6 of 6
Answers on the Map
Answers color-coded by a green-red scale on the quiz's map according to % correct below.
 
Answer Stats
NUTS 2 % Correct
Northeastern
98%
Northwestern
98%
Southeastern
98%
Southwestern
98%
Northern Central
91%
Southern Central
91%
No matching quizzes found
Score Distribution
Percent of People with Each Score
Percentile by Number Answered
Your Score History
You have not taken this quiz